00439nam a22001457a 4500008004100000020001800041041000800059080001000067100000600077101000800083245006400091942001200155999001500167952011100182170303b xxu||||| |||| 00| 0 eng d a9780632043699 aeng a575  a8 ashm aMoleculae and genetics analysis of human traitscMARONI.G 2udccBK c6759d6759 00102udc40708PËKGa002b002cPËKGd2017-03-03l0o575 MARp002-031790r2017-03-03w2017-03-03yBK